[Event "Bundesliga 2223"]
[Site "Germany"]
[Date "2023.02.05"]
[Round "6.2"]
[White "Graf, Alexander"]
[Black "Deuer, Marius"]
[Result "1/2-1/2"]
[WhiteElo "2558"]
[BlackElo "2326"]
[PlyCount "47"]
[EventDate "2022.10.21"]
[EventType "team-tourn"]
[EventRounds "15"]
[EventCountry "GER"]
[SourceTitle "CBM 212 Extra"]
[Source "ChessBase"]
[SourceDate "2023.03.31"]
[SourceVersion "1"]
[SourceVersionDate "2023.03.31"]
[SourceQuality "1"]
[WhiteTeam "Deizisau"]
[BlackTeam "Schoenaich"]
[WhiteTeamCountry "GER"]
[BlackTeamCountry "GER"]

1. Nf3 Nf6 2. g3 d5 3. Bg2 Nbd7 4. c4 e6 5. d4 Bb4+ 6. Bd2 Be7 7. 0-0 0-0 8. Qc2 c6 9. a4 a5 10. Rc1 b6 11. cxd5 cxd5 12. Nc3 Ba6 13. Nb5 Bxb5 14. axb5 Rc8 15. Qa4 Ne4 16. Be3 Bd6 17. Ne1 Bb4 18. f3 Bd2 19. Bxd2 Nxd2 20. Nd3 Rc4 21. Qd1 Rxc1 22. Rxc1 Nc4 23. Kf2 Qe7 24. e3 1/2-1/2

[Event "GER CupT"]
[Site "Baden-Baden"]
[Date "2022.07.17"]
[Round "2.2"]
[White "Graf, Alexander"]
[Black "Fedorchuk, Sergey A"]
[Result "1/2-1/2"]
[WhiteElo "2562"]
[BlackElo "2612"]
[PlyCount "82"]
[EventDate "2022.07.16"]
[EventType "team-k.o."]
[EventRounds "2"]
[EventCountry "GER"]
[SourceTitle "CBM 209 Extra"]
[Source "ChessBase"]
[SourceDate "2022.09.30"]
[SourceVersion "1"]
[SourceVersionDate "2022.09.30"]
[SourceQuality "1"]
[WhiteTeam "Deizisau"]
[BlackTeam "Viernheim"]
[WhiteTeamCountry "GER"]
[BlackTeamCountry "GER"]

1. Nf3 Nf6 2. g3 b5 3. Bg2 Bb7 4. 0-0 e6 5. b3 c5 6. c4 a6 7. Nc3 Qb6 8. e3 Be7 9. Qe2 Ne4 10. Nxe4 Bxe4 11. Bb2 0-0 12. Rac1 d6 13. d3 Bb7 14. Rfd1 Nd7 15. d4 bxc4 16. dxc5 Nxc5 17. Qxc4 Rfc8 18. Qg4 Bf8 19. Bd4 h6 20. Ne1 Bxg2 21. Nxg2 Qa5 22. Nf4 e5 23. Bxc5 Rxc5 24. Rxc5 Qxc5 25. Nd5 Qc2 26. Kf1 a5 27. Qe2 Rc8 28. e4 f5 29. exf5 Qxf5 30. Ne3 Qe4 31. Kg1 Rc5 32. Qd3 Qxd3 33. Rxd3 Kf7 34. f4 exf4 35. gxf4 Ke6 36. Kg2 d5 37. a3 Be7 38. b4 axb4 39. axb4 Rb5 40. Nc2 Bf6 41. Nd4+ Bxd4 1/2-1/2

[Event "German Masters"]
[Site "Magdeburg"]
[Date "2021.07.30"]
[Round "8"]
[White "Bluebaum, Matthias"]
[Black "Graf, Alexander"]
[Result "1/2-1/2"]
[WhiteElo "2669"]
[BlackElo "2569"]
[PlyCount "109"]
[EventDate "2021.07.23"]
[EventType "tourn"]
[EventRounds "9"]
[EventCountry "GER"]
[EventCategory "14"]
[SourceTitle "CBM 203 Extra"]
[Source "ChessBase"]
[SourceDate "2021.09.30"]
[SourceVersion "1"]
[SourceVersionDate "2021.09.30"]
[SourceQuality "1"]

1. d4 Nf6 2. c4 g6 3. Nc3 Bg7 4. e4 d6 5. Be2 0-0 6. Be3 c5 7. d5 b5 8. cxb5 a6 9. a4 Qa5 10. Bd2 axb5 11. Bxb5 Ba6 12. Nge2 Qb4 13. f3 Nfd7 14. Ra2 c4 15. 0-0 Nc5 16. Bxa6 Nbxa6 17. Nb5 Qb3 18. Nc1 Qxd1 19. Rxd1 Rfb8 20. Bc3 Rb7 21. Ne2 Nd3 22. Ned4 Nac5 23. a5 Ra6 24. Raa1 e5 25. dxe6 fxe6 26. Na3 Nxb2 27. Bxb2 Rxb2 28. Nxc4 Rb4 29. Rac1 d5 30. Nxe6 Nxe6 31. exd5 Nd4 32. Kf1 Nf5 33. d6 Rxc4 34. d7 Bf6 35. d8Q+ Bxd8 36. Rxd8+ Kg7 37. Rd7+ Kh6 38. Rxc4 Ne3+ 39. Kf2 Nxc4 40. Rc7 Nxa5 41. h4 Rc6 42. Rd7 Rc2+ 43. Kg1 Rc3 44. g4 Rxf3 45. g5+ Kh5 46. Rxh7+ Kg4 47. Rh6 Kg3 48. Rxg6 Re3 49. Rf6 Nc4 50. Rf2 Re1+ 51. Rf1 Re2 52. g6 Nd2 53. g7 Rg2+ 54. Kh1 Kh3 55. Rf2 1/2-1/2

[Event "German Masters"]
[Site "Magdeburg"]
[Date "2021.07.25"]
[Round "3"]
[White "Kollars, Dmitrij"]
[Black "Graf, Alexander"]
[Result "1-0"]
[WhiteElo "2607"]
[BlackElo "2569"]
[PlyCount "85"]
[EventDate "2021.07.23"]
[EventType "tourn"]
[EventRounds "9"]
[EventCountry "GER"]
[EventCategory "14"]
[SourceTitle "CBM 203 Extra"]
[Source "ChessBase"]
[SourceDate "2021.09.30"]
[SourceVersion "1"]
[SourceVersionDate "2021.09.30"]
[SourceQuality "1"]

1. e4 Nf6 2. e5 Nd5 3. d4 d6 4. c4 Nb6 5. f4 Bf5 6. Nf3 e6 7. Nc3 dxe5 8. fxe5 Bb4 9. Bd3 c5 10. Bg5 Qd7 11. 0-0 h6 12. Bh4 cxd4 13. Ne4 Nc6 14. a3 Bxe4 15. Bxe4 Be7 16. Bxe7 Qxe7 17. c5 Qxc5 18. Rc1 Qb5 19. Rxc6 bxc6 20. Nxd4 Qxe5 21. Bxc6+ Kf8 22. Re1 Qc7 23. Qf3 Re8 24. Nxe6+ Rxe6 25. Rxe6 Kg8 26. Re8+ Kh7 27. Qe4+ f5 28. Qxf5+ g6 29. Rxh8+ Kxh8 30. Qxg6 Qf4 31. Qe8+ Kg7 32. Qe7+ Kh8 33. Qc5 Kg8 34. Qc3 Kh7 35. h3 h5 36. g3 Qd6 37. h4 Qd1+ 38. Kf2 Nd5 39. Bxd5 Qxd5 40. Ke3 Kh6 41. Qf6+ Kh7 42. Qd4 Qb3+ 43. Qd3+ 1-0

[Event "GER-ch"]
[Site "Magdeburg"]
[Date "2020.08.21"]
[Round "8"]
[White "Graf, Alexander"]
[Black "Muckle, Julius"]
[Result "1/2-1/2"]
[WhiteElo "2569"]
[BlackElo "2386"]
[PlyCount "82"]
[EventDate "2020.08.16"]
[EventType "swiss"]
[EventRounds "9"]
[EventCountry "GER"]
[SourceTitle "CBM 197 Extra"]
[Source "ChessBase"]
[SourceDate "2020.09.30"]
[SourceVersion "1"]
[SourceVersionDate "2020.09.30"]
[SourceQuality "1"]

1. Nf3 d5 2. g3 Nf6 3. Bg2 Bf5 4. c4 c6 5. b3 e6 6. Bb2 a5 7. d3 a4 8. Nbd2 Nbd7 9. 0-0 Be7 10. cxd5 cxd5 11. bxa4 0-0 12. Nb3 Nc5 13. Nxc5 Bxc5 14. Nd4 Bxd4 15. Bxd4 Qa5 16. Qb1 Qxa4 17. Qb2 Rfc8 18. Rfc1 Ne8 19. e4 dxe4 20. dxe4 Bg6 21. e5 Rxc1+ 22. Rxc1 Rd8 23. Bc3 Rd1+ 24. Be1 Rxc1 25. Qxc1 Be4 26. Qf4 f5 27. exf6 Nxf6 28. Bxe4 Qxe4 29. Qxe4 Nxe4 30. Kg2 Kf7 31. Kf3 Nc5 32. Bc3 g5 33. Bd4 Nd7 34. Ke4 Kg6 35. f3 Nb8 36. Be3 Nd7 37. h3 Kf6 38. f4 gxf4 39. gxf4 Kg6 40. a4 Kf6 41. a5 Nb8 1/2-1/2

[Event "GER-ch"]
[Site "Magdeburg"]
[Date "2020.08.20"]
[Round "6"]
[White "Graf, Alexander"]
[Black "Parvanyan, Ashot"]
[Result "1-0"]
[WhiteElo "2569"]
[BlackElo "2449"]
[PlyCount "71"]
[EventDate "2020.08.16"]
[EventType "swiss"]
[EventRounds "9"]
[EventCountry "GER"]
[SourceTitle "CBM 197 Extra"]
[Source "ChessBase"]
[SourceDate "2020.09.30"]
[SourceVersion "1"]
[SourceVersionDate "2020.09.30"]
[SourceQuality "1"]

1. Nf3 Nf6 2. c4 g6 3. b3 Bg7 4. Bb2 0-0 5. g3 d6 6. Bg2 e5 7. Nc3 Re8 8. d3 Nc6 9. 0-0 a6 10. Rc1 Bd7 11. Nd2 Rb8 12. a3 Ne7 13. b4 h5 14. a4 h4 15. b5 hxg3 16. hxg3 Bh6 17. e3 Bg4 18. Bf3 Bh3 19. Re1 Qd7 20. d4 exd4 21. Nde4 Nh7 22. Nd5 Nxd5 23. Qxd4 Re5 24. cxd5 Rbe8 25. Bh1 f5 26. Nd2 f4 27. Nc4 fxg3 28. f4 Qf5 29. Re2 Qg4 30. Rce1 Rf8 31. Nxe5 dxe5 32. Qxe5 Nf6 33. Qxc7 Nh5 34. d6 g2 35. Bxg2 Bxf4 36. exf4 1-0

[Event "GER-ch"]
[Site "Magdeburg"]
[Date "2020.08.19"]
[Round "5"]
[White "Graf, Alexander"]
[Black "Dobrikov, Marco"]
[Result "1-0"]
[WhiteElo "2569"]
[BlackElo "2290"]
[PlyCount "69"]
[EventDate "2020.08.16"]
[EventType "swiss"]
[EventRounds "9"]
[EventCountry "GER"]
[SourceTitle "CBM 197 Extra"]
[Source "ChessBase"]
[SourceDate "2020.09.30"]
[SourceVersion "1"]
[SourceVersionDate "2020.09.30"]
[SourceQuality "1"]

1. Nf3 c5 2. b3 d6 3. Bb2 e5 4. e3 Nc6 5. c4 Nf6 6. Nc3 Be7 7. Be2 0-0 8. 0-0 h6 9. Rc1 Be6 10. d4 e4 11. Nd2 cxd4 12. exd4 Nxd4 13. Ndxe4 d5 14. cxd5 Nxe2+ 15. Qxe2 Nxd5 16. Rfd1 Nxc3 17. Rxc3 Qa5 18. Rg3 g6 19. Bf6 Rfe8 20. h4 Rad8 21. Bxe7 Rxe7 22. Rxd8+ Qxd8 23. Nf6+ Kf8 24. Rd3 Qa5 25. b4 Qc7 26. Qd2 Re8 27. Qxh6+ Ke7 28. Qg5 Kf8 29. Nxe8 Kxe8 30. a3 a6 31. Qc5 Qf4 32. Qd6 Qc1+ 33. Kh2 Qc8 34. h5 gxh5 35. Rg3 1-0

[Event "GER-ch 37th"]
[Site "Magdeburg"]
[Date "2019.05.31"]
[Round "8"]
[White "Graf, Alexander"]
[Black "Krassowizkij, Jaroslaw"]
[Result "1/2-1/2"]
[WhiteElo "2572"]
[BlackElo "2450"]
[PlyCount "61"]
[EventDate "2019.05.26"]
[EventType "swiss"]
[EventRounds "9"]
[EventCountry "GER"]
[SourceTitle "CBM 190 Extra"]
[Source "ChessBase"]
[SourceDate "2019.07.15"]
[SourceVersion "1"]
[SourceVersionDate "2019.07.15"]
[SourceQuality "1"]

1. Nf3 Nf6 2. c4 c5 3. Nc3 Nc6 4. d4 cxd4 5. Nxd4 e6 6. Bg5 Be7 7. e3 Qa5 8. Bxf6 Bxf6 9. Qd2 Nxd4 10. exd4 b6 11. Be2 Ba6 12. a3 Rc8 13. b4 Qf5 14. c5 Bxe2 15. Nxe2 bxc5 16. bxc5 d6 17. cxd6 Rc2 18. Ng3 Bg5 19. Nxf5 Bxd2+ 20. Kd1 Rb2 21. Nxg7+ Kd7 22. Nh5 Rc8 23. Nf6+ Kd8 24. Ne4 Rcc2 25. Ke2 f5 26. Nc5 Bb4+ 27. Ke3 Bd2+ 28. Ke2 Bb4+ 29. Ke3 Bd2+ 30. Ke2 Bb4+ 31. Ke3 1/2-1/2

[Event "GER-ch 37th"]
[Site "Magdeburg"]
[Date "2019.05.29"]
[Round "5"]
[White "Kollars, Dmitrij"]
[Black "Graf, Alexander"]
[Result "1-0"]
[WhiteElo "2561"]
[BlackElo "2572"]
[PlyCount "77"]
[EventDate "2019.05.26"]
[EventType "swiss"]
[EventRounds "9"]
[EventCountry "GER"]
[SourceTitle "CBM 190 Extra"]
[Source "ChessBase"]
[SourceDate "2019.07.15"]
[SourceVersion "1"]
[SourceVersionDate "2019.07.15"]
[SourceQuality "1"]

1. e4 e5 2. Nf3 Nc6 3. Bc4 Nf6 4. d3 Be7 5. 0-0 d6 6. a4 a5 7. c3 0-0 8. Re1 Nd7 9. Be3 Kh8 10. d4 exd4 11. cxd4 Nb6 12. Bb3 d5 13. Nc3 dxe4 14. Ne5 Nxe5 15. dxe5 Qxd1 16. Rexd1 Bg4 17. Rdc1 f5 18. h3 Bh5 19. Nb5 f4 20. Bd4 c5 21. Bxc5 Bxc5 22. Rxc5 Nd7 23. Rd5 Bf7 24. Rxd7 Bxb3 25. Nd6 b6 26. Nxe4 Rae8 27. Nd2 Be6 28. Rd6 Bf5 29. Nc4 Kg8 30. Re1 Re6 31. Nxb6 Rfe8 32. Nc4 Bc2 33. Rxe6 Rxe6 34. Nxa5 Bxa4 35. Nc4 Rc6 36. Nd6 Kf8 37. Re4 Bc2 38. Rxf4+ Ke7 39. Rc4 1-0

[Event "GER-ch 37th"]
[Site "Magdeburg"]
[Date "2019.05.28"]
[Round "4"]
[White "Graf, Alexander"]
[Black "Rosner, Jonas"]
[Result "1-0"]
[WhiteElo "2572"]
[BlackElo "2413"]
[PlyCount "195"]
[EventDate "2019.05.26"]
[EventType "swiss"]
[EventRounds "9"]
[EventCountry "GER"]
[SourceTitle "CBM 190 Extra"]
[Source "ChessBase"]
[SourceDate "2019.07.15"]
[SourceVersion "1"]
[SourceVersionDate "2019.07.15"]
[SourceQuality "1"]

1. d4 d5 2. c4 e6 3. Nc3 Nf6 4. cxd5 exd5 5. Bg5 c6 6. Qc2 Be7 7. e3 Nbd7 8. Bd3 h6 9. Bh4 Nh5 10. Bxe7 Qxe7 11. 0-0-0 Nb6 12. h3 Be6 13. Nf3 0-0-0 14. Kb1 Kb8 15. Rc1 Nf6 16. Na4 Nxa4 17. Qxa4 Nd7 18. Rc3 Nb6 19. Qc2 Rc8 20. Nd2 Rc7 21. h4 Rhc8 22. Qd1 Qf6 23. Qf3 Qxf3 24. Nxf3 Nc4 25. h5 Nd6 26. Ne5 f6 27. Ng6 Bf5 28. Bxf5 Nxf5 29. Nf4 Nd6 30. Rc2 Re8 31. Kc1 Rce7 32. Kd1 Rc7 33. Ke2 Rce7 34. Kf3 Nf5 35. Rhc1 Nd6 36. Nd3 Rd8 37. Nf4 Rde8 38. b3 Rd7 39. Ke2 Rde7 40. Kd3 Rd7 41. Kc3 Rde7 42. Kb4 Rd7 43. a4 Rde7 44. a5 a6 45. Kc3 Nb5+ 46. Kd3 Rd7 47. Kd2 Rde7 48. Nd3 Rf7 49. Rg1 Rfe7 50. Rcc1 Kc8 51. Rce1 Kd8 52. Nf4 Kc8 53. Kd3 Kd8 54. Re2 Nd6 55. Ng6 Rd7 56. g4 Kc7 57. Rc2 Kd8 58. f3 Nb5 59. Re1 Nd6 60. Rce2 Kc7 61. Kd2 Nb5 62. Nf4 Rde7 63. Nd3 Nd6 64. Nc5 Rd8 65. Kd3 Ree8 66. Rd2 Nf7 67. Ke2 Ng5 68. Kf2 Ne6 69. b4 Ng5 70. Nd3 Ne6 71. Kg3 Re7 72. Nf4 Ng5 73. Ng6 Red7 74. Nh4 Nf7 75. Nf5 Nd6 76. Kf4 Re8 77. e4 dxe4 78. fxe4 Nxf5 79. gxf5 Red8 80. Rg1 Re8 81. Rg3 Kc8 82. Rdd3 Rde7 83. Rge3 Rf8 84. e5 Rfe8 85. e6 Rd8 86. Rg3 Rd5 87. Rg4 Kd8 88. Ke4 Ke8 89. Rg1 Kf8 90. Rc1 Rc7 91. Rc5 Rxc5 92. bxc5 Ke7 93. Rb3 Ke8 94. d5 cxd5+ 95. Kxd5 Kd8 96. Rb6 Ke7 97. c6 bxc6+ 98. Kc5 1-0

[Event "GER-ch 37th"]
[Site "Magdeburg"]
[Date "2019.05.27"]
[Round "2"]
[White "Graf, Alexander"]
[Black "Paul, Johannes"]
[Result "1-0"]
[WhiteElo "2572"]
[BlackElo "2364"]
[PlyCount "77"]
[EventDate "2019.05.26"]
[EventType "swiss"]
[EventRounds "9"]
[EventCountry "GER"]
[SourceTitle "CBM 190 Extra"]
[Source "ChessBase"]
[SourceDate "2019.07.15"]
[SourceVersion "1"]
[SourceVersionDate "2019.07.15"]
[SourceQuality "1"]

1. d4 Nf6 2. c4 g6 3. Nf3 Bg7 4. g3 0-0 5. Bg2 d6 6. 0-0 Nc6 7. Nc3 a6 8. b3 Rb8 9. e3 b5 10. Nd2 Bg4 11. Bf3 Bxf3 12. Qxf3 Nb4 13. Rb1 c5 14. dxc5 dxc5 15. Rd1 Qc8 16. Bb2 Nd3 17. Ba1 Ne5 18. Qe2 Qc6 19. Nxb5 Ne4 20. Bxe5 Bxe5 21. Nxe4 axb5 22. Rd5 Bg7 23. f3 f5 24. Rxc5 Qd7 25. Nf2 b4 26. Rd5 Qa7 27. Nd3 e6 28. Rd6 Rfd8 29. Rxd8+ Rxd8 30. Nxb4 Qd7 31. c5 Bc3 32. a3 Qb7 33. Rd1 Rb8 34. c6 Qb6 35. Rc1 Bxb4 36. axb4 Qxb4 37. c7 Rc8 38. Qa6 Rxc7 39. Rxc7 1-0

[Event "Bundesliga 1819"]
[Site "Germany"]
[Date "2019.02.02"]
[Round "7.8"]
[White "Burkart, Patrick"]
[Black "Graf, Alexander"]
[Result "0-1"]
[WhiteElo "2314"]
[BlackElo "2562"]
[PlyCount "98"]
[EventDate "2018.11.10"]
[EventType "team-tourn"]
[EventRounds "15"]
[EventCountry "GER"]
[SourceTitle "CBM 188 Extra"]
[Source "ChessBase"]
[SourceDate "2019.02.26"]
[SourceVersion "1"]
[SourceVersionDate "2019.02.26"]
[SourceQuality "1"]
[WhiteTeam "Hofheim"]
[BlackTeam "Deizisau"]
[WhiteTeamCountry "GER"]
[BlackTeamCountry "GER"]

1. d4 g6 2. e4 Bg7 3. Nc3 d6 4. Nge2 Nc6 5. Be3 Nf6 6. h3 e5 7. g3 d5 8. dxe5 Nxe5 9. Bg2 Nc4 10. Bd4 Nxb2 11. Qb1 Nc4 12. exd5 0-0 13. Qb3 Nd6 14. 0-0 Re8 15. Rfe1 Nf5 16. Bc5 b6 17. Ba3 Ba6 18. Qa4 Bc8 19. Rad1 Bd7 20. Qb3 Qc8 21. Kh2 Nd6 22. Nf4 Rxe1 23. Rxe1 Rb8 24. Bb2 b5 25. Ne4 Nfxe4 26. Bxg7 Kxg7 27. Bxe4 b4 28. Qb2+ Kg8 29. Bd3 c5 30. Re7 c4 31. Qf6 cxd3 32. cxd3 Rb6 33. Ne6 Bxe6 34. dxe6 Qf8 35. Rd7 fxe6 36. Qxe6+ Nf7 37. Qd5 Rd6 38. Rxd6 Qxd6 39. Qa8+ Kg7 40. Qxa7 Qxd3 41. Kg2 Kf6 42. Qb6+ Qd6 43. Qa7 h5 44. Qa8 Ng5 45. Qh8+ Kf7 46. Qa8 Qe6 47. Qb7+ Kf6 48. g4 Qe4+ 49. Qxe4 Nxe4 0-1

[Event "Bundesliga 1819"]
[Site "Germany"]
[Date "2018.11.25"]
[Round "4.8"]
[White "Moehn, Hans"]
[Black "Graf, Alexander"]
[Result "0-1"]
[WhiteElo "2371"]
[BlackElo "2562"]
[PlyCount "104"]
[EventDate "2018.11.10"]
[EventType "team-tourn"]
[EventRounds "15"]
[EventCountry "GER"]
[SourceTitle "CBM 187 Extra"]
[Source "ChessBase"]
[SourceDate "2018.11.04"]
[SourceVersion "1"]
[SourceVersionDate "2018.11.04"]
[SourceQuality "1"]
[WhiteTeam "Dresden TU"]
[BlackTeam "Deizisau"]
[WhiteTeamCountry "GER"]
[BlackTeamCountry "GER"]

1. Nf3 Nf6 2. g3 d6 3. Bg2 e5 4. 0-0 c6 5. c4 h6 6. Nc3 Be6 7. b3 Nbd7 8. d4 e4 9. d5 exf3 10. dxe6 fxg2 11. exd7+ Qxd7 12. Kxg2 Be7 13. Qc2 0-0 14. Bb2 Rfd8 15. Rad1 a6 16. e4 Qc7 17. Rfe1 b5 18. cxb5 cxb5 19. Qb1 Rac8 20. Re2 Qb7 21. f3 b4 22. Nd5 Nxd5 23. Rxd5 Rc5 24. Qd3 Rdc8 25. Rxc5 dxc5 26. Rd2 Qb5 27. Qxb5 axb5 28. Rc2 c4 29. bxc4 bxc4 30. Kf1 g5 31. Ke2 Kh7 32. Kd1 Kg6 33. Bc1 Rd8+ 34. Ke2 c3 35. Be3 Kf6 36. Rc1 Ke5 37. h3 h5 38. g4 hxg4 39. hxg4 Rh8 40. Rc2 Rh1 41. Kd3 Rd1+ 42. Ke2 Rd8 43. Rc1 Rh8 44. Rc2 Rh3 45. a3 bxa3 46. Rxc3 a2 47. Rc1 Rh2+ 48. Kd3 Rh3 49. Ke2 Rh6 50. Rd1 Rd6 51. Ra1 Ra6 52. Bc1 Bf6 0-1

[Event "WchT Seniors 50"]
[Site "Dresden"]
[Date "2018.07.14"]
[Round "8.1"]
[White "Graf, Alexander"]
[Black "Shabalov, Alexander"]
[Result "0-1"]
[WhiteElo "2561"]
[BlackElo "2567"]
[PlyCount "86"]
[EventDate "2018.07.07"]
[EventType "team-swiss"]
[EventRounds "9"]
[EventCountry "GER"]
[SourceTitle "CBM 185 Extra"]
[Source "ChessBase"]
[SourceDate "2018.07.29"]
[SourceVersion "1"]
[SourceVersionDate "2018.07.29"]
[SourceQuality "1"]
[WhiteTeam "Lasker Schachstiftung"]
[BlackTeam "United States"]
[WhiteTeamCountry "GER"]
[BlackTeamCountry "USA"]

1. d4 Nf6 2. c4 g6 3. Nc3 Bg7 4. e4 d6 5. f3 0-0 6. Be3 Nc6 7. Nge2 a6 8. Qd2 Na5 9. Nc1 Nd7 10. Nb3 c5 11. Be2 Nxb3 12. axb3 cxd4 13. Bxd4 Nc5 14. Bxg7 Kxg7 15. Ra3 Be6 16. Qd4+ f6 17. b4 Nd7 18. 0-0 Ne5 19. Nd5 Nc6 20. Qc3 Rc8 21. Kh1 Bf7 22. f4 e6 23. Ne3 e5 24. Nc2 Qe7 25. Qd2 exf4 26. Rxf4 Qe5 27. b3 Be6 28. Ra1 Nxb4 29. Nd4 Nc6 30. Nxe6+ Qxe6 31. Rd1 Rcd8 32. Rf3 Qxe4 33. Re3 Qf5 34. Bf3 Rd7 35. Bxc6 bxc6 36. Rd3 Rfd8 37. h3 d5 38. Rd4 Re7 39. Qa5 Rde8 40. cxd5 Qf2 41. R4d3 Re1+ 42. Rxe1 Rxe1+ 43. Kh2 Qf4+ 0-1

[Event "WchT Seniors 50"]
[Site "Dresden"]
[Date "2018.07.12"]
[Round "6.2"]
[White "Graf, Alexander"]
[Black "Fritsche, Lutz"]
[Result "1-0"]
[WhiteElo "2561"]
[BlackElo "2303"]
[PlyCount "49"]
[EventDate "2018.07.07"]
[EventType "team-swiss"]
[EventRounds "9"]
[EventCountry "GER"]
[SourceTitle "CBM 185 Extra"]
[Source "ChessBase"]
[SourceDate "2018.07.29"]
[SourceVersion "1"]
[SourceVersionDate "2018.07.29"]
[SourceQuality "1"]
[WhiteTeam "Lasker Schachstiftung"]
[BlackTeam "Germany II"]
[WhiteTeamCountry "GER"]
[BlackTeamCountry "GER"]

1. d4 g6 2. e4 Bg7 3. Nf3 d6 4. Bc4 Nf6 5. Qe2 0-0 6. 0-0 Bg4 7. e5 dxe5 8. dxe5 Nd5 9. Nbd2 Nb6 10. h3 Nxc4 11. Qxc4 Be6 12. Qh4 Qd5 13. Ne4 Nc6 14. Bh6 Nxe5 15. Nfg5 f6 16. Bxg7 fxg5 17. Nxg5 Kxg7 18. Rad1 Qc6 19. Qxh7+ Kf6 20. Qh4 Qxc2 21. Nf3+ Kg7 22. Nxe5 Qc5 23. Rfe1 Rad8 24. Rxd8 Rxd8 25. Qg5 1-0

[Event "WchT Seniors 50"]
[Site "Dresden"]
[Date "2018.07.11"]
[Round "5.1"]
[White "Speelman, Jonathan S"]
[Black "Graf, Alexander"]
[Result "1/2-1/2"]
[WhiteElo "2493"]
[BlackElo "2561"]
[PlyCount "89"]
[EventDate "2018.07.07"]
[EventType "team-swiss"]
[EventRounds "9"]
[EventCountry "GER"]
[SourceTitle "CBM 185 Extra"]
[Source "ChessBase"]
[SourceDate "2018.07.29"]
[SourceVersion "1"]
[SourceVersionDate "2018.07.29"]
[SourceQuality "1"]
[WhiteTeam "England"]
[BlackTeam "Lasker Schachstiftung"]
[WhiteTeamCountry "ENG"]
[BlackTeamCountry "GER"]

1. Nf3 Nf6 2. c4 e6 3. g3 d5 4. d4 Bb4+ 5. Bd2 Be7 6. Bg2 0-0 7. 0-0 c6 8. Qc2 b6 9. Rc1 Bb7 10. Bg5 h6 11. Bxf6 Bxf6 12. Nbd2 Na6 13. e4 dxe4 14. Nxe4 c5 15. Nxf6+ Qxf6 16. Ng5 hxg5 17. Bxb7 Nb4 18. Qb3 Rab8 19. Bg2 Qf5 20. a3 Nd3 21. Rd1 Nxf2 22. Rf1 Qd3 23. Qxd3 Nxd3 24. d5 Nxb2 25. Rfc1 exd5 26. Bxd5 Nd3 27. Rc3 Ne5 28. Re3 Ng4 29. Re7 a5 30. Rae1 Nf6 31. Ra7 Nxd5 32. cxd5 Rbd8 33. Re5 Rd6 34. Rxg5 Rfd8 35. Rb7 c4 36. Rg4 Rxd5 37. Rxc4 Rd1+ 38. Kg2 R8d2+ 39. Kh3 Rh1 40. Rb8+ Kh7 41. Rh4+ Kg6 42. Rxb6+ f6 43. Rg4+ Kh5 44. Rh4+ Kg5 45. Rg4+ 1/2-1/2

[Event "Bundesliga 1718"]
[Site "Germany"]
[Date "2018.05.01"]
[Round "15.6"]
[White "Smeets, Jan"]
[Black "Graf, Alexander"]
[Result "1-0"]
[WhiteElo "2605"]
[BlackElo "2576"]
[PlyCount "41"]
[EventDate "2017.10.21"]
[EventType "team-tourn"]
[EventRounds "15"]
[EventCountry "GER"]
[SourceTitle "CBM 184"]
[Source "ChessBase"]
[SourceDate "2018.05.16"]
[SourceVersion "1"]
[SourceVersionDate "2018.05.16"]
[SourceQuality "1"]
[WhiteTeam "Solingen"]
[BlackTeam "Deizisau"]
[WhiteTeamCountry "GER"]
[BlackTeamCountry "GER"]

1. e4 g6 2. d4 Bg7 3. Nc3 d6 4. f4 Nf6 5. Nf3 0-0 6. Bd3 c5 7. dxc5 Nbd7 8. cxd6 exd6 9. 0-0 Re8 10. f5 Nc5 11. fxg6 hxg6 12. Ng5 Bg4 13. Qe1 d5 14. e5 d4 15. Bc4 Be6 16. Nxe6 Nxe6 17. exf6 dxc3 18. fxg7 Qd4+ 19. Qf2 cxb2 20. Qxd4 bxc1Q 21. Bxe6 1-0

[Event "Bundesliga 1718"]
[Site "Germany"]
[Date "2018.02.24"]
[Round "9.6"]
[White "Graf, Alexander"]
[Black "Neef, Maximilian"]
[Result "0-1"]
[WhiteElo "2576"]
[BlackElo "2453"]
[PlyCount "76"]
[EventDate "2017.10.21"]
[EventType "team-tourn"]
[EventRounds "15"]
[EventCountry "GER"]
[SourceTitle "CBM 183"]
[Source "ChessBase"]
[SourceDate "2018.03.14"]
[SourceVersion "1"]
[SourceVersionDate "2018.03.14"]
[SourceQuality "1"]
[WhiteTeam "Deizisau"]
[BlackTeam "Dresden"]
[WhiteTeamCountry "GER"]
[BlackTeamCountry "GER"]

1. d4 Nf6 2. c4 g6 3. Nc3 Bg7 4. e4 d6 5. Nf3 0-0 6. Be2 e5 7. d5 a5 8. Bg5 h6 9. Bh4 Na6 10. Nd2 Qe8 11. b3 Bd7 12. a3 Nh7 13. Rb1 h5 14. f3 Bh6 15. b4 axb4 16. axb4 Be3 17. Qc2 f5 18. Bf2 Bxf2+ 19. Kxf2 Qe7 20. Rhc1 Nf6 21. Kg1 h4 22. Nd1 Nh5 23. c5 Nf4 24. Bf1 Qg5 25. Kh1 Bb5 26. Ne3 h3 27. g3 Ne2 28. Bxe2 Bxe2 29. Qc3 fxe4 30. fxe4 Rf2 31. Nd1 Bxd1 32. Rxd1 Raf8 33. c6 b5 34. Nf1 Qg4 35. Qd3 R8f3 36. Ne3 Rxh2+ 37. Kxh2 Qxg3+ 38. Kh1 Rf2 0-1

[Event "Bundesliga 1718"]
[Site "Germany"]
[Date "2018.02.04"]
[Round "8.5"]
[White "Lindgren, Philip"]
[Black "Graf, Alexander"]
[Result "0-1"]
[WhiteElo "2380"]
[BlackElo "2576"]
[PlyCount "76"]
[EventDate "2017.10.21"]
[EventType "team-tourn"]
[EventRounds "15"]
[EventCountry "GER"]
[SourceTitle "CBM 183"]
[Source "ChessBase"]
[SourceDate "2018.03.14"]
[SourceVersion "1"]
[SourceVersionDate "2018.03.14"]
[SourceQuality "1"]
[WhiteTeam "Bayern Muenchen"]
[BlackTeam "Deizisau"]
[WhiteTeamCountry "GER"]
[BlackTeamCountry "GER"]

1. Nf3 g6 2. d4 Bg7 3. c4 d6 4. Nc3 Nd7 5. g3 e5 6. Bg2 Ne7 7. 0-0 0-0 8. Qd2 Nc6 9. dxe5 dxe5 10. Rd1 Re8 11. Ng5 h6 12. Nge4 Nd4 13. e3 Ne6 14. Ne2 Qe7 15. b3 f5 16. N4c3 e4 17. Nd5 Qf7 18. Bb2 Ne5 19. Qc2 g5 20. Nd4 c6 21. Nxe6 Bxe6 22. Bxe5 Bxe5 23. Nc3 b5 24. cxb5 Rec8 25. Rac1 cxb5 26. Qd2 a6 27. Ne2 Qf6 28. Nd4 Bf7 29. Bf1 Rxc1 30. Rxc1 Rd8 31. Qa5 Bxd4 32. exd4 Rxd4 33. Rc8+ Kg7 34. Qc3 Rd1 35. Qc5 f4 36. Qf8+ Kg6 37. Rc5 Rxf1+ 38. Kxf1 Bc4+ 0-1

[Event "Bundesliga 1718"]
[Site "Germany"]
[Date "2017.12.09"]
[Round "5.5"]
[White "Hausrath, Daniel"]
[Black "Graf, Alexander"]
[Result "1/2-1/2"]
[WhiteElo "2484"]
[BlackElo "2576"]
[PlyCount "48"]
[EventDate "2017.10.21"]
[EventType "team-tourn"]
[EventRounds "15"]
[EventCountry "GER"]
[SourceTitle "CBM 182"]
[Source "ChessBase"]
[SourceDate "2018.01.17"]
[SourceVersion "1"]
[SourceVersionDate "2018.01.17"]
[SourceQuality "1"]
[WhiteTeam "Muelheim"]
[BlackTeam "Deizisau"]
[WhiteTeamCountry "GER"]
[BlackTeamCountry "GER"]

1. Nf3 Nf6 2. g3 d5 3. Bg2 e6 4. d4 b5 5. a4 b4 6. c4 bxc3 7. Nxc3 Be7 8. Bf4 0-0 9. 0-0 c6 10. a5 Ba6 11. Ne5 Qc8 12. Qa4 Nfd7 13. Rfc1 Nxe5 14. Bxe5 Qb7 15. e4 Bc4 16. exd5 exd5 17. Nd1 Bb3 18. a6 Qb6 19. Qa5 Qxa5 20. Rxa5 Bb4 21. Raa1 Bd2 22. Rc5 Bb4 23. Rcc1 Bd2 24. Rc5 Bb4 1/2-1/2